00795nam a2200181 i 4500001000300000245008100003260006800084300003600152490009400188700002300282710004800305830009400353040000800447041000800455080001100463008004100474856009800515bg 0aFizyka morza 3 /c[przewodn. Komitetu Badań Morza, red. nacz. Jerzy Dera]. aWrocław [i in.] :bZakład Narodowy im. Ossolińskich,c1984. a236 s. :brys., wykr. ;c24 cm.1 aStudia i Materiały Oceanologiczne / Polska Akademia Nauk. Komitet Badań Morza ;vnr 451 aDERA, Jerzy.eRed. aPOLSKA AKADEMIA NAUK. Komitet Badań Morza 0aStudia i Materiały Oceanologiczne (Polska Akademia Nauk. Komitet Badań Morza) ;vnr 45 cBPK apol a551.46 s pl f |000 0 pol  uhttp://koha.tu.koszalin.pl/cgi-bin/koha/opac-detail.pl?biblionumber=28375yKatalog online BPK